1827 1339 1731 1061 1722 1648 1157 1663 1488 1337 1386 1476 1222 1336 1152 1174 1936 1048 1097 1741 1415 1723 1472 1725 1034 1705 1879 1285 1383 1336 1306 1514 1024 1908 1673 1941 1037 1662 1050 1470 1447 1505 1355 1425 1412 1273 1273 1961 1349 1419 1517 1110 1024 1063 1157 1158 1708 1930 1453 1803 1117 1584 1863 1688 1411 1234 1466 1482 1117 1564 1079 1880 1385 1851 1164 1703 1729 1673 1830 1804 1466 1169 1383 1422 1196 1775 1708 1062 1464 1931 1567 1911 1920 1888 1944 1991 1730 1341 1811 BCNSPRNW ULIB Ver.6.0+V

เปลี่ยนเป็นภาษาไทย

Change to English
 แสดงรายละเอียดบรรณานุกรม
  กลับหน้าหลัก

Brief Record : Get Marc (ISO 2709) : E-mail record : QR code < ปิดหน้าต่าง
LEADER : 00000nam 2200000uu 4500
001    13399108418
003     ULIB
008    110303s2006||||th 000 0 eng d
020    078179594X
060 04 WY105^bM357l 2006
100 1  Marquis, Bessie L
245 10 Leadership roles and management functions in nursing :^btheory and application /^cBessie L. Marquis, Carol J. Huston
250    5th ed
260    Philadelphia :^bLippincott Williams & Wilkins,^c2006
300    xix, 723 p. :^bill. ;^c23 cm.
650  2 Leadership
650  2 Nurse Administrators
650  2 Nursing Service^xOrganization & administration
650  2 Nursing, Supervisory
700 1  Huston, Carol J
945    ^p1105^l0^i020387
995    Kesorn
999 ^a ใช้งานได้ทุกระบบ
รายการนี้ยังไม่มีแท็ก
คุณยังไม่ได้ล็อกอิน คุณสามารถมีกิจกรรมร่วมกับเว็บไซต์ได้ แต่ต้องล็อกอินก่อน ::
  ล็อกอิน

รายการสื่อสารสนเทศ

ลำดับที่ ประเภท เลขเรียก/บาร์โค้ด สถานที่ สถานะ
- ไม่พบข้อมูล -

รายการใกล้เคียง
    ผู้แต่ง [Marquis, Bessie L]

    หัวเรื่อง [Leadership]
    หัวเรื่อง [Nurse Administrators]
    หัวเรื่อง [Nursing, Supervisory]

BibComment


ยังไม่เคยถูกคอมเมนท์

คอมเมนท์ทรัพยากรรายการนี้
  คอมเมนท์: Leadership roles ..


 Copyright 2026. Bcnsprnw @Library